University Home | Library Home | Institutional Repository

Swaziland census, 1956. (Record no. 199069)

MARC details
000 -LEADER
fixed length control field 00690cam9a220022900 4500
001 - CONTROL NUMBER
control field lce00922045
008 - FIXED-LENGTH DATA ELEMENTS--GENERAL INFORMATION
fixed length control field 780822s1956 sq 000 0 eng
010 ## - LIBRARY OF CONGRESS CONTROL NUMBER
LC control number 73221691 //r78
035 ## - SYSTEM CONTROL NUMBER
System control number (Sirsi) r72871
035 ## - SYSTEM CONTROL NUMBER
System control number (DLC) 73221691 //r78
035 ## - SYSTEM CONTROL NUMBER
System control number (UPRA)lce00922045
040 ## - CATALOGING SOURCE
Modifying agency UPRA
043 ## - GEOGRAPHIC AREA CODE
Geographic area code f-sq---
050 0# - LIBRARY OF CONGRESS CALL NUMBER
Classification number HA1977.S9
Item number S95 1956
110 1# - MAIN ENTRY--CORPORATE NAME
Corporate name or jurisdiction name as entry element Swaziland.
Linkage A33980.1
245 10 - TITLE STATEMENT
Title Swaziland census, 1956.
260 ## - PUBLICATION, DISTRIBUTION, ETC.
Place of publication, distribution, etc. [Mbabane :
Name of publisher, distributor, etc. High Commission Print. & Pub. Co.,
Date of publication, distribution, etc. 1956]
500 ## - GENERAL NOTE
General note Errata slip inserted.
651 #0 - SUBJECT ADDED ENTRY--GEOGRAPHIC NAME
Geographic name Swaziland -- Census, 1956.
Chronological subdivision Swaziland -- Census, 1956.
Linkage S25724.1
949 ## - LOCAL PROCESSING INFORMATION (OCLC)
a HA1977.S9
w lcc
m MAIN
t BOOK
l ON-SHELF

No items available.

© 2026 - The University of Zambia Library - Koha v25.11